| 000 | 00719nam a22002057a 4500 | ||
|---|---|---|---|
| 999 |
_c13176 _d13176 |
||
| 003 | AR-CdUCM | ||
| 008 | 190411b ||||| |||| 00| 0 spa d | ||
| 040 |
_aMUNICIPALIDAD PROVINCIAL DEL CUSCO _cBIBLIOTECA MUNICIPAL DEL CUSCO |
||
| 082 |
_a980.04 / _bR77 |
||
| 100 |
_aRojas, Ricardo _912413 |
||
| 245 | _aLa entrevista de Guayaquil / | ||
| 260 |
_aBuenos Aires : _bLosada, _c1950. |
||
| 300 |
_a365 páginas ; _c21 cm. |
||
| 505 | _aContenido : La entrevista de Guayaquil (1933 - 19478) -- La patria en Jujuy (1912 - 1944) -- Bibliográfica analítica (1910 - 1950) ... | ||
| 650 |
_aHistoria _9136 |
||
| 650 |
_aGuayaquil _917538 |
||
| 650 |
_aNarrativa _967 |
||
| 942 |
_2ddc _cLIBROS |
||
| 945 |
_arah _d11/04/2019 |
||